CLASSICAL MECHANICS (Record no. 9395)
[ view plain ]
| 000 -LEADER | |
|---|---|
| fixed length control field | 00978nam a22001697a 4500 |
| 003 - CONTROL NUMBER IDENTIFIER | |
| control field | SGT |
| 020 ## - INTERNATIONAL STANDARD BOOK NUMBER | |
| International Standard Book Number | 9789351427988 |
| 082 ## - DEWEY DECIMAL CLASSIFICATION NUMBER | |
| Classification number | 531,UPA |
| 100 ## - MAIN ENTRY--PERSONAL NAME | |
| Personal name | J.C. UPADHYAYA |
| 245 ## - TITLE STATEMENT | |
| Title | CLASSICAL MECHANICS |
| 250 ## - EDITION STATEMENT | |
| Edition statement | 2ND |
| 260 ## - PUBLICATION, DISTRIBUTION, ETC. (IMPRINT) | |
| Place of publication, distribution, etc | NEW DELHI |
| Name of publisher, distributor, etc | HIMALAYA PUBLISHING HOUSE |
| Year of Publication | 2016 |
| 300 ## - PAGE DESCRIPTION | |
| No. of Pages | 480 |
| 650 ## - SUBJECT ADDED ENTRY--TOPICAL TERM | |
| Topical term or geographic name as entry element | CLASSICAL MECHANICS |
| 653 ## - KEYWORDS--INDEX TERM | |
| Keyword term | 1. INTRODUCTORY IDEAS 2. LANGRANGIAN DYNAMICS 3. HAMILTONIAN DYNAMICS 4. TWO-BODY CENTRAL FORCE PROBLEM 5. VARIATIONAL PRINCIPLES 6. CANONICAL TRANSFORMATIONS 7. BRACKETS AND LIOUVILLE`S THEOREM 8. HAMILTON-JACOBI THEORY AND TRANSITION TO QUANTUM MECHANICS 9. SMALL OSCILLATIONS AND NORMAL MODES (COUPLED-OSCILLATORS) 10. DYNAMICS OF A RIGID BODY 11. NONINERTIAL AND ROTATING COORDINATE SYSTEMS 12. SPECIAL THEORY OF RELATIVITY-LORENTZ TRANSFORMATIONS 13. RELATIVISTIC MECHANICS 14. FOUR DIMENSIONAL FORMULATION-MINKOWSKI SPACE 15. CONVARIANT FORMULATION OF ELECTRODYNAMICS 16. NONLINEAR DYNAMICS AND CHAOS |
| 942 ## - ADDED ENTRY ELEMENTS (KOHA) | |
| Source of classification or shelving scheme | Dewey Decimal Classification |
| Koha item type | FPS Books |
| 942 ## - ADDED ENTRY ELEMENTS (KOHA) | |
| -- | 16 |
| Withdrawn status | Lost status | Source of classification or shelving scheme | Damaged status | Not for loan | Collection code | Home library | Current library | Shelving location | Date acquired | Vendor Name | Cost, normal purchase price | SGTU | Bill Number | Full call number | Accession No. (Barcode) | Date last seen | Bill Date | Koha item type | Total Checkouts | Date last borrowed |
|---|---|---|---|---|---|---|---|---|---|---|---|---|---|---|---|---|---|---|---|---|
| Dewey Decimal Classification | Not For Loan | SCIENCE | SGT Science & Social Sciences Library | SGT Science & Social Sciences Library | Reference Book | 01/07/2016 | AHUJA BOOKS | 430.00 | SGTU | 6884 | 531,UPA | PS1860 | 01/07/2016 | 21/04/2016 | FPS Books | |||||
| Dewey Decimal Classification | SCIENCE | SGT Science & Social Sciences Library | SGT Science & Social Sciences Library | Text Book | 01/07/2016 | AHUJA BOOKS | 430.00 | SGTU | 6884 | 531,UPA | PS1861 | 28/11/2023 | 21/04/2016 | FPS Books | 28 | 22/11/2023 |